000 01325nam0a22003131 4500
001 rc\3977817
005 20210225142516.0
021 _aRU
_b[56-46068]
035 _a(NLR Aleph) 008059824
090 _a8995586
_c8995586
100 _a20130415d1956 |||y0rusy50 ca
101 0 _arus
102 _aRU
105 _aa j |||||
200 1 _aЭлектротехника
_e[Учебник для неэлектротехн. техникумов и отд-ний]
205 _a5-е изд., испр.
210 _aМосква
_cГосэнергоиздат
_cИзд-во М-ва коммун. хозяйства РСФСР
_d1956
215 _a351 с.
_cил.
_d23
300 _aПеред загл. авт.: В.С. Попов, Н.Н. Мансуров, С.А. Николаев
606 _aЭлектротехника
_jУчебники и пособия
_2psbo
700 1 _aПопов
_bВ. С.
_cканд. техн. наук, электротехника
_gВиктор Степанович
_3RU\NLR\AUTH\770227091
701 1 _aМансуров
_bН. Н.
_gНиколай Николаевич
701 1 _aНиколаев
_bС. А.
_gСергей Александрович
801 0 _aRU
_bNLR
_gpsbo
801 1 _aRU
_bELAR
_2rusmarc
852 _aNLR
_jТ20 Г-5/559
942 _cBOOK
980 _aNB